000 01022nam a2200277 a 4500
001 000026649
003 DO-SdBNP
005 20240409073641.0
007 ta
008 110324t1937 dr ac 001 0bspa d
040 _aDO-SdBNP
_bspa
_cBNPHU
041 1 7 _aspa
_heng
049 _aBNPD
082 4 _a972.93053
_bT866b
_222
100 1 _aBesault, Lawrence de
_953768
245 1 3 _aEl presidente Trujillo :
_bsu obra y la República Dominicana /
_cLawrence de Besault ; traducción G. Gowrie ; corregida y dirigida por R. Emilio Jiménez.
250 _a[1ª ed. en español]
260 _aCiudad Trujillo, República Dominicana :
_bLa Nación,
_c1937.
300 _a400 p. :
_bil., retrs. ;
_c23 cm.
600 1 0 _aTrujillo Molina, Rafael Leónidas,
_d 1891-1961
_976764
651 4 _aRepública Dominicana
_xPolítica Y Gobierno
_yERA DE TRUJILLO, 1930-1961
_91374
700 1 _aGowrie, G.,
_etr.
_953769
700 1 _aJiménez, R. Emilio,
_eed.
_923963
910 _aValidado. Control de calidad EMS.
942 _2ddc
_cLBS1
999 _c26141
_d26141